Medicina del deporte y accidentes deportivos / (Record no. 111070)

MARC details
000 -LEADER
campo de control de longitud fija 00612nam a2200181 i 4500
001 - NÚMERO DE CONTROL
campo de control 111070
003 - IDENTIFICADOR DE NÚMERO DE CONTROL
campo de control ES-MaACL
005 - FECHA Y HORA DE LA ÚLTIMA TRANSACCIÓN
campo de control 20230906185232.0
007 - CAMPO FIJO DE DESCRIPCIÓN FÍSICA--INFORMACIÓN GENERAL
campo de control de longitud fija t|
008 - DATOS DE LONGITUD FIJA--INFORMACIÓN GENERAL
campo de control de longitud fija 061121s1952 sp r ||||1| spa d
100 1# - ENTRADA PRINCIPAL--NOMBRE DE PERSONA
Nombre de persona Naves, Juan.
9 (RLIN) 203667
245 10 - MENCIÓN DEL TÍTULO
Título Medicina del deporte y accidentes deportivos /
Mención de responsabilidad, etc. por el Doctor Juan Navés; con un prólogo del profesor P. Piulachs.
260 ## - PUBLICACIÓN, DISTRIBUCIÓN, ETC.
Lugar de publicación, distribución, etc. Barcelona [etc.] :
Nombre del editor, distribuidor, etc. Salvat,
Fecha de publicación, distribución, etc. 1952.
300 ## - DESCRIPCIÓN FÍSICA
Extensión XXXI, 408 p. :
Otras características físicas il. ;
Dimensiones 23 cm +
Material acompañante/anejo 1 gráf. pleg.
700 1# - ENTRADA AGREGADA--NOMBRE PERSONAL
Nombre de persona Piulachs Oliva, Pedro (
Fechas asociadas al nombre 1908-1976)
9 (RLIN) 92436
852 ## - LOCALIZACIÓN
Ubicación ES-MaACL
Número de control de estantería D-7436
Sublocalización o colección R.32525
Holdings
Estatus retirado Estado de pérdida Estado de daño No para préstamo Biblioteca de origen Biblioteca actual Ubicación en estantería Fecha de adquisición Fuente de adquisición Total de préstamos Signatura topográfica completa Código de barras Visto por última vez Precio de reemplazo Tipo de ítem Koha
        Biblioteca del Ateneo de Madrid Biblioteca del Ateneo de Madrid Sala Valle Inclán 17/01/2008     D-7436 901115882 23/02/2023 23/02/2023 Libro impreso